Quizzes
Events
Quiz Creation
Community
Videos
Private Events
Remove Ads
Sign In
Join for FREE
Feedback
Dark Mode
Quiz Categories
Sports
Geography
Music
Movies
Television
Just For Fun
Miscellaneous
History
Literature
Language
Science
Gaming
Entertainment
Religion
Holiday
For Kids
Quiz Lab
Recent
Popular Today
Quiz Kudos Today
Editor Picks
Curator Picks
Quizzes by...
Day
Popularity
Type
Ratings
Length
Year
Community
Subscriptions
Recent Discussions
Orange Saloon
Badges
Playlists
Quests
Create
Leaderboards
Showdown
Live 5
Trivia Bingo
Activity
Puzzle Library
Sporcle Events
Private Events
Virtual Trivia
Globe League
Become a Host
Pub Owners
SporcleCon
Opinionation
Our Games
Videos
Blog
Mobile Apps
Partnerships
Remove Ads and Go Orange
Feedback
Music
Pop Music
The Beatles
Song
Album
Lyrics
Bands
Singers
Artist
Clip
Rock
Rap
Classical
Billboard
Country Music
Kpop
Taylor Swift
Music
Pop Music
The Beatles
Song
Album
Lyrics
Bands
Singers
Artist
Clip
Rock
Rap
Classical
Billboard
Country Music
Kpop
Taylor Swift
Random Quiz
Search Sporcle
×
Quiz Lab
Quiz Lab
Music
ska
Type in answers that appear in a list
Type in answers that appear in a list
Classic
Best Score? Go Orange.
Ska Band by Members Stats
Can you name the ska band by the members listed?
By
cardboardroom
8m
25 Questions
215 Plays
215 Plays
215 Plays
Comments
Comments
Give Quiz Kudos
Give Quiz Kudos
-
- Ratings
hide this ad
More Info
Forced Order
Answers have to be entered in order
Answers have to be entered in order
Replay
Link that replays current quiz
Next Quiz
Link to next quiz in quiz playlist
You Got
0%
They Got
Avg Score
27%
Avg Friend Score
Upgrade to see
Score Distribution
Jump to the score distribution portion of the page
Score
0/25
Timer
08:00
0
Plays Today
Members
Band
% Correct
Tim Armstrong, Jesse Michaels, Dave Mello
Operation Ivy
67%
Roddy Byers, Lynval Golding, Neville Staple
The Specials
54.9%
Mike Barson, Chris Foreman, Graham 'Suggs' McPherson
Madness
42.8%
Vinnie Fiorello, Buddy Schaub, Peter 'JR' Wasilewski
Less Than Jake
41.4%
John Christianson, Derek Gibbs, Dan Regan
Reel Big Fish
38.1%
Tim 'Johnny Vegas' Burton, Joe Gittleman, Chris Rhodes
The Mighty Mighty Bosstones
34.9%
Andy Cox, David Steele, Dave Wakeling
The Beat
32.1%
Buster Bloodvessel, Louis 'Alphonso' Cook, Martin Stewart
Bad Manners
32.1%
Robert Bell, Chris Diebold, Dan Potthast
MU330
30.7%
Don Drummond, Tommy McCook, Jackie Mittoo
The Skatalites
29.8%
Lynette Knackstedt, Gerry Lundquist, Mike Park
Skankin' Pickle
26%
Eddie Casillas, Frank Casillas, Jorge Casillas
Voodoo Glow Skulls
26%
John Norwood Fisher, Rocky George, Angelo Moore
Fishbone
24.7%
Members
Band
% Correct
Steve 'Stovetop' Foote, David McWane, Sean P. Rogan
Big D and the Kids Table
23.7%
Jim Conti, Matt Stewart, Chris Thatcher
Streetlight Manifesto
23.3%
Ara Babajian, Dave Hillyard, Vic Ruggiero
The Slackers
21.4%
Arjen Bijleveld, Dave Berry, Robert Hingley
The Toasters
20.5%
Christian Jacobs, Ian Fowles, Chad Larson
The Aquabats
18.1%
Mike Costa, Dave Dickerman, Jeff Rosenstock
The Arrogant Sons of Bitches
16.7%
Aaron Bertram, Brian Klemm, Vincent Walker
Suburban Legends
16.3%
Alex Désert, Greg Lee, Efren Santana
Hepcat
15.3%
Aaron Barrett, Grant Barry, Jesse Wilder
The Scholars
14%
Pat Calpin, Ryan Eldred, Ian McKenzie
Catch 22
13%
Keith Douglas, Sascha Lazor, Chuck Robertson
Mad Caddies
9.8%
Louis Castle, Ariel Rechtshaid, Rich Zahniser
The Hippos
8.4%
Quiz Playlist
Details
Report
Send in Message
Add To Playlist
More Info:
Inactive band members may be included in hints
Classic:
Type in answers that appear in a list
Forced Order:
Answers have to be entered in order
Last Updated: Feb 16, 2017
Quiz Scoreboard
CHALLENGE
Sign Up to Join the Scoreboard
Show All
Scores
Hide
Comments
May contain spoilers
Recently Published
9x9 Crossword: Cartoon Network
by jackfrog10
Miscellaneous
3m
College Basketball Coaching Resumes
by pancakes188
Sports
9m
Billboard Blitz: Fleetwood Mac
by CooCooCachoo
Music
15s
More to Explore
Quiz From the Vault
Featured Blog Post
Where Did the Easter Bunny Come From?
hide this ad
You Might Also Like...
Tags
punk
ska
Ska Bands
Today's Top Quizzes in Music
Browse Music
hide this ad
Today's Top Quizzes in ska
Browse ska
Top Contributed Quizzes in Music
1
Taylor Swift All Songs (2024)
2
Guess the Artist- 70s Songs
3
7-to-1: Billboard Hot 100 #1 Hits of 2010s
4
Sorting Albums and Songs
5
Taylor Swift Logic Puzzle
6
KPOP LOGIC QUIZ
7
Guess the Taylor Swift song (Mystery Song)
8
Guess The Taylor Swift Lyrics Song #1
9
Billboard Blitz: ABBA
10
One Thing in Common: Music
Explore More
Trending Topics
Harry Potter
Anime
NBA
Marvel
Crossword
Disney
Kpop
Pokémon
Puzzle
WWE
Country
NFL
The Office
Song
Soccer
hide this ad
More By:
cardboardroom
Quiz
Plays
Rating
Category
Featured
Created
Ska Band by Members
215
4.50
Music
Nov 18, 2010
Go to Creator's Profile
Score Distribution
Quiz Creator Spotlight
cardboardroom
Follow
Send a Message
Quizzes Created
-
Created Quiz Play Count
-
More By This Creator
Popular Quizzes Today
1
Find the US States - No Outlines Minefield
2
Find the Countries of Europe - No Outlines Minefield
3
The Countries of the World
4
Find the US States
5
Risky Map Clicking: Biggest States A-Z
6
US States
7
Popular People in 1961
8
Movies - When Are They Set?
More Music Quizzes
First Word Beatles Song Titles II
Published
Trending Quizzes
Risky Map Clicking: Least Populous States A-Z
1-10 Letter G Words
1-10 Letter F Words
Risky Map Clicking: Next State Alphabetically
Adjectives in 80s TV Shows
Recently Updated
Leaping Animals
pecheneg
Reality TV Shows (A-Z)
bhenderson79
Rickey Henderson's Hall of Fame Teammates
pecheneg
Champions League XIs: Arsenal
pecheneg
Quick Pick: Celebrities in WWE's Hall of Fame
aduchscher
A-Z Keypad Blitz II
pecheneg
Multiple Oscar Actors
pecheneg
Mystery Phrase Blitz: Oscar 'Best Actors'
pecheneg
F. Scott Fitzgerald Novels
LTH
Pick 3 Villains
ddd62291
Trending Topics
Crossword
Anime
Disney
Harry Potter
Marvel
NBA
Kpop
The Office
Soccer
Puzzle
Country
Song
NFL
WWE
Pokémon
Your Account Isn't Verified!
In order to create a playlist on Sporcle, you need to verify the email address you used during registration. Go to your
Sporcle Settings
to finish the process.
Report this User
Report this user for behavior that violates our
Community Guidelines
.
Details:
Send Report
Go to the Sporcle.com Mobile Site →
Comments